| 000 | 01038nam a2200205 4500 | ||
|---|---|---|---|
| 999 |
_c56953 _d56953 |
||
| 003 | Ge_BSU | ||
| 005 | 20211117142328.0 | ||
| 008 | 190719s2019 ||||| |||| 00| 0 geo d | ||
| 041 | _ageo | ||
| 245 |
_aსამართალი და მსოფლიო = Law and the World : _b 2019 № 11 / _cმთ. რედ : იოსებ კელენჯერიძე ; რედ : ზურაბ ჭყონია. |
||
| 250 | _bსაერთაშორისო სამეცნიერო რეფერირებადი ჟურნალი | ||
| 260 |
_aთბილისი, _c2019. |
||
| 300 | _a V. | ||
| 653 | _aსამართალი და მსოფლიო | ||
| 653 | _aსამართალი | ||
| 653 | _aპერიოდიკა | ||
| 700 |
_aკელენჯერიძე , იოსებ _eმთავარი რედაქტორი _93268 |
||
| 700 |
_aჭყონია, ზურაბ _eრედაქტორი _93269 |
||
| 942 |
_2udc _cCR |
||